El estudio de las relaciones internacionales /

Obra que revisa la teoría de las relaciones internacionales, las disciplinas que confluyen y aportan a ella, los paradigmas idealista, realista y conductista, y la situación internacional a partir de la caída del muro de Berlín.

Na minha lista:
Detalhes bibliográficos
Autor principal: Ortiz Romero, Eduardo (autor)
Formato: Livro
Idioma:espanhol
Publicado em: Santiago, Chile : Fondo de Cultura Económica, 2000, c2000
Colecção:(Sección de Obras de Política y Derecho)
Assuntos:
Tags: Adicionar Tag
Sem tags, seja o primeiro a adicionar uma tag!

MARC

LEADER 00000nam^a2200000^a^4500
001 000114590
005 20250521000000.0
009 20260310094024.848
020 |a 956-289-007-4 
037 |a Acervo ITESO - Biblioteca 
041 |a ESP 
082 |a 327. 1  |b ORT 
100 |a Ortiz Romero, Eduardo  |e (autor) 
245 1 3 |a El estudio de las relaciones internacionales /  |c E. Ortiz Romero. 
264 4 |a Santiago, Chile :  |b Fondo de Cultura Económica,  |c 2000, c2000 
300 |a 197 p. 
336 |a texto  |b txt  |2 rdacontenido 
337 |a sin mediación  |b n  |2 rdamedio 
338 |a volumen  |b nc  |2 rdasoporte 
440 1 |a (Sección de Obras de Política y Derecho) 
520 |a Obra que revisa la teoría de las relaciones internacionales, las disciplinas que confluyen y aportan a ella, los paradigmas idealista, realista y conductista, y la situación internacional a partir de la caída del muro de Berlín. 
649 |a XX 
650 |a Relaciones Internacionales -  |x Teoría 
650 |a Política Internacional -  |x Teoría 
650 |a Nuevo Orden Económico Internacional 
650 |a Globalización 
910 |a Fondo General 
920 |a Impresos - Libros 
930 |a Colección General 
905 |a 101 
901 |a 0500051206  |b IT1  |c ACC  |u 20250521 
902 |a https://opac.biblio.iteso.mx/vufind/Record/000114590